[Event "CRO Cup"]
[Site "Mali Losinj"]
[Date "2018.05.17"]
[Round "2.93"]
[White "Susnjar, Miroslav"]
[Black "Dobrovic, Ante"]
[Result "1-0"]
[WhiteElo "2154"]
[BlackElo "2087"]
[PlyCount "109"]
[EventDate "2018.05.16"]
[EventType "team-swiss"]
[EventRounds "6"]
[EventCountry "CRO"]
[SourceTitle "CBM 184 Extra"]
[Source "ChessBase"]
[SourceDate "2018.06.28"]
[SourceVersion "1"]
[SourceVersionDate "2018.06.28"]
[SourceQuality "1"]
[WhiteTeam "Osijek Ferit"]
[BlackTeam "Sibenik"]
[WhiteTeamCountry "CRO"]
[BlackTeamCountry "CRO"]

1. d4 Nf6 2. Nf3 c5 3. d5 d6 4. Nc3 g6 5. e4 Bg7 6. Be2 0-0 7. 0-0 Re8 8. Bf4 Nbd7 9. h3 a6 10. a4 Qa5 11. Nd2 h6 12. Nc4 Qd8 13. Bf3 Nh7 14. Qd2 g5 15. Bg3 Ne5 16. Bxe5 Bxe5 17. Nxe5 dxe5 18. a5 Bd7 19. Na4 Bxa4 20. Rxa4 Qd6 21. Rfa1 Nf6 22. R1a3 e6 23. c4 Reb8 24. h4 Nh7 25. Bd1 b5 26. axb6 Rxb6 27. b3 f5 28. hxg5 Nxg5 29. exf5 exf5 30. Ra5 f4 31. R3a4 Qg6 32. Rxc5 f3 33. g3 Qh5 34. Qe1 e4 35. Rc6 Rxc6 36. dxc6 Nh3+ 37. Kf1 Nf4 38. Kg1 Nh3+ 39. Kf1 Nf4 40. Kg1 Qh3 41. Qf1 Qg4 42. c7 Ra7 43. c5 Nh3+ 44. Kh2 Ng5 45. Rxe4 Nxe4 46. Bxf3 Qd7 47. Bxe4 Qxc7 48. Qc4+ Kf8 49. Qd4 Qf7 50. c6 a5 51. Kg2 h5 52. Bf3 h4 53. Qxh4 Qxb3 54. Qd8+ Kg7 55. c7 1-0

[Event "CRO Cup 21st"]
[Site "Sibenik"]
[Date "2012.05.18"]
[Round "4.94"]
[White "Petricevic, Petar"]
[Black "Dobrovic, Ante"]
[Result "1/2-1/2"]
[WhiteElo "2019"]
[BlackElo "2091"]
[PlyCount "40"]
[EventDate "2012.05.16"]
[EventType "team-swiss"]
[EventRounds "6"]
[EventCountry "CRO"]
[SourceTitle "CBM 148 Extra"]
[Source "ChessBase"]
[SourceDate "2012.06.22"]
[SourceVersion "1"]
[SourceVersionDate "2012.06.22"]
[SourceQuality "1"]
[WhiteTeam "Sisak"]
[BlackTeam "Sibenik"]
[WhiteTeamCountry "CRO"]
[BlackTeamCountry "CRO"]

1. d4 d5 2. e3 Nf6 3. Bd3 Nbd7 4. f4 e6 5. Nd2 b6 6. Ngf3 Bb7 7. 0-0 Ne4 8. Ne5 Nxe5 9. fxe5 Qd7 10. Rf4 f5 11. Rf1 Be7 12. Qe2 0-0 13. Qh5 c5 14. c3 a5 15. Qe2 Bc6 16. Nf3 c4 17. Bxe4 fxe4 18. Nd2 Rxf1+ 19. Qxf1 Rf8 20. Qe2 Qe8 1/2-1/2

[Event "CRO Cup 21st"]
[Site "Sibenik"]
[Date "2012.05.17"]
[Round "2.53"]
[White "Dobrovic, Ante"]
[Black "Leventic, Ivan"]
[Result "0-1"]
[WhiteElo "2091"]
[BlackElo "2455"]
[PlyCount "64"]
[EventDate "2012.05.16"]
[EventType "team-swiss"]
[EventRounds "6"]
[EventCountry "CRO"]
[SourceTitle "CBM 148 Extra"]
[Source "ChessBase"]
[SourceDate "2012.06.22"]
[SourceVersion "1"]
[SourceVersionDate "2012.06.22"]
[SourceQuality "1"]
[WhiteTeam "Sibenik"]
[BlackTeam "Osijek"]
[WhiteTeamCountry "CRO"]
[BlackTeamCountry "CRO"]

1. e4 Nf6 2. e5 Nd5 3. d4 d6 4. exd6 exd6 5. c4 Nb6 6. Bd3 Be7 7. Ne2 Nc6 8. a3 Bf6 9. Be3 Bg4 10. Qd2 0-0 11. 0-0 Re8 12. f3 Bh5 13. b4 Bg6 14. Nbc3 Bxd3 15. Qxd3 Nxc4 16. Bf2 d5 17. Rfe1 g6 18. Nf4 Rxe1+ 19. Rxe1 Nb6 20. g4 Qd6 21. Ng2 Nc4 22. Ne2 Re8 23. Bg3 Qd7 24. h4 Nb2 25. Qd2 Nc4 26. Qd3 Nd8 27. Kf2 Ne6 28. Rh1 Qa4 29. Ra1 a5 30. bxa5 Qxa5 31. f4 Nc5 32. dxc5 Qxc5+ 0-1

[Event "Zagreb op-B"]
[Site "Zagreb"]
[Date "2012.03.08"]
[Round "4"]
[White "Dobrovic, Ante"]
[Black "Bilic, Mario"]
[Result "0-1"]
[WhiteElo "2082"]
[BlackElo "2296"]
[PlyCount "108"]
[EventDate "2012.03.05"]
[EventType "swiss"]
[EventRounds "9"]
[EventCountry "CRO"]
[SourceTitle "CBM 147 Extra"]
[Source "ChessBase"]
[SourceDate "2012.04.24"]
[SourceVersion "1"]
[SourceVersionDate "2012.04.24"]
[SourceQuality "1"]

1. e4 c5 2. Nf3 e6 3. d4 cxd4 4. Nxd4 a6 5. Be3 Nf6 6. f3 e5 7. Nb3 d5 8. Bg5 Be6 9. exd5 Qxd5 10. Qxd5 Nxd5 11. Bd2 Nc6 12. a3 Bf5 13. Bd3 Bxd3 14. cxd3 0-0-0 15. g3 Be7 16. Ke2 b6 17. Nc3 Nc7 18. Be3 Kb7 19. Rhd1 Ne6 20. Rac1 h5 21. a4 f5 22. a5 Ncd4+ 23. Bxd4 Nxd4+ 24. Nxd4 Rxd4 25. axb6 Rc8 26. Na2 Rc5 27. Rxc5 Bxc5 28. Rc1 Kxb6 29. Rc4 a5 30. Nc3 Rxc4 31. dxc4 Bd4 32. Na4+ Kc6 33. Kd3 g6 34. h3 Bf2 35. g4 e4+ 36. Ke2 Bd4 37. gxh5 gxh5 38. fxe4 fxe4 39. Kd2 Kd6 40. b3 Ke5 41. Nc3 h4 42. Nd5 Bc5 43. Ke2 Kd4 44. Kd2 Bf8 45. Ke2 Bh6 46. Ne7 Kc5 47. Nd5 Bg5 48. Kd1 Kd4 49. Ke2 Bd8 50. Kd2 Bg5+ 51. Ke2 e3 52. Ke1 Kd3 53. c5 e2 54. Kf2 Bd2 0-1

[Event "Bizovac Metalis op 16th"]
[Site "Bizovac"]
[Date "2009.02.20"]
[Round "3"]
[White "Dobrovic, Ante"]
[Black "Martinovic, Sasa"]
[Result "0-1"]
[WhiteElo "2085"]
[BlackElo "2427"]
[PlyCount "72"]
[EventDate "2009.02.19"]
[EventType "swiss"]
[EventRounds "7"]
[EventCountry "CRO"]
[SourceTitle "CBM 128 Extra"]
[Source "ChessBase"]
[SourceDate "2009.03.05"]
[SourceVersion "2"]
[SourceVersionDate "2009.03.25"]
[SourceQuality "1"]

1. e4 c5 2. Nf3 Nc6 3. d4 cxd4 4. c3 dxc3 5. Nxc3 d6 6. Bc4 Nf6 7. h3 e6 8. Qe2 Be7 9. 0-0 a6 10. a4 0-0 11. Rd1 Qa5 12. Bd2 Qh5 13. Qe3 d5 14. Be2 dxe4 15. Ng5 Qg6 16. Ngxe4 Nd5 17. Qd3 Rd8 18. Qc4 Na5 19. Nxd5 exd5 20. Qc7 Nc6 21. Ng3 Bd6 22. Qb6 Bxg3 23. fxg3 Qxg3 24. Ra3 Qd6 25. Re3 d4 26. Bc3 Be6 27. Red3 Bc4 28. R3d2 Bxe2 29. Rxe2 Rd7 30. Red2 Rad8 31. b4 Qe7 32. Bxd4 Nxd4 33. Rxd4 Rxd4 34. Rxd4 Qe3+ 35. Kh1 Qxd4 36. Qxb7 Qa1+ 0-1

[Event "CRO-chT 16th"]
[Site "Sibenik"]
[Date "2007.05.21"]
[Round "5"]
[White "Dobrovic, Ante"]
[Black "Matas, Zdravko"]
[Result "1/2-1/2"]
[WhiteElo "2083"]
[BlackElo "1985"]
[PlyCount "60"]
[EventDate "2007.05.17"]
[EventType "team"]
[EventRounds "5"]
[EventCountry "CRO"]
[SourceTitle "CBM 118 Extra"]
[Source "ChessBase"]
[SourceDate "2007.07.04"]
[SourceVersion "1"]
[SourceVersionDate "2007.07.04"]
[SourceQuality "1"]

1. d4 c6 2. c4 d5 3. Nc3 Nf6 4. Nf3 e6 5. Bf4 Bd6 6. Bg3 Bb4 7. Nd2 0-0 8. a3 Bxc3 9. bxc3 Nbd7 10. e3 Re8 11. cxd5 exd5 12. Bd3 Ne4 13. Bxe4 dxe4 14. Qc2 f5 15. 0-0 Nf6 16. Bh4 h6 17. Bxf6 Qxf6 18. Nc4 b5 19. Ne5 Rxe5 20. dxe5 Qxe5 21. Rfd1 Be6 22. Qd2 a5 23. Qd4 Qxd4 24. cxd4 Bd5 25. Kf1 Kf7 26. Ke1 g5 27. g3 Ke6 28. Kd2 Rb8 29. h3 h5 30. Rg1 Kd6 1/2-1/2